000 00896cam a22003133a 4500
001 33777
003 PGUSA
005 20140828083730.0
008 100920s2010||||xxu|||||s|||||000 1 eng d
040 _aPGUSA
_beng
042 _adc
050 4 _aPR
050 4 _aPZ
100 1 _aHughes, Thomas,
_d1822-1896
245 1 0 _aTom Brown at Rugby
_h[electronic resource] /
_cThomas Hughes
260 _bProject Gutenberg,
_c2010
506 _aPublic domain in the USA.
516 _aElectronic text
653 _aRugby School -- Fiction
653 _aBildungsromans
653 _aEndowed public schools (Great Britain) -- Fiction
653 _aEngland -- Fiction
653 _aSchools -- Fiction
653 _aBoys -- Fiction
700 1 _aRobinson, Clara Weaver,
_d1845-1905
830 0 _aProject Gutenberg
_v33777
856 4 0 _uhttp://www.gutenberg.org/ebooks/33777
942 _cEB
999 _c263032
_d263032